000 00559nam a22002177a 4500
003 UA-OsUOA
001 133643
007 ta
008 20181029b un ||||| |||| 00| 0 ukr d
100 _aСобко І.
090 _a908
_bС54
942 _cSA
040 _aUA-OsUOA
_bukr
_cUA-OsUOA
_dUA-OsUOA
245 _aОстрозька академія відзначила 24-ту річницю відновлення
300 _aС.7
955 _a0
041 _aukr
080 _a908
773 0 _w133640
650 7 _a908 Краєзнавство
_2UDC
999 _c422580
_d422580